000 01318njm a2200361 c 4500
003 BLK
005 20180422121410.0
008 180410b bul||n||s|||||||| n|bulo|
010 _aCDD00001346000
040 _aBLK
041 _aENG
_cENG
080 _aСюита. За оркестър
_b785.11.083.1
_x
_z785.11.083.1
100 1 _aTelemann, Georg Philipp
_eпърви автор
_926022
700 1 _aТелеман, Георг Филип
_e*
_9128219
700 1 _aCamerata Romana
_9387695
700 1 _aDuvier, Eugen
_eдиригент
_99204
700 1 _aGmur, Hanspeter
_e*
_911311
139 _aТелеман, Георг Филип
_bТ 46
245 1 0 _aTafelmusik I [CD аудио]
_bE-minor
_cGeorg Philipp Telemann; * Георг Филип Телеман; Camerata Romana; диригент Eugen Duvier; * Hanspeter Gmur.
245 1 0 _aSuite for String and Basso Contunio
_bE-Flat Major : La lyra
_sCamerata Romana ; Дир. Hanspeter Gmur
257 _aDEU
260 Staufen
_bGema 7709
_c2006
300 _c12 см. Stereo
_fбр. в к-т
_g1 CD
306 _a60 мин., 54 сек.
380 _a7
490 1 _aFamous Composers
_v35
653 _aсюити
852 _aЦб CD 1555
_p0
856 4 _qpdf
_u
856 4 _qpdf
_u
942 _cCDD
_n0
944 _aCR
_c25.10.2010
_kВаля_Йорданова
944 _aED
_c02.11.2010
_k
999 _c219007
_d219007